English-Speaking Countries That Didn't Gain Independence From the U.K. - Statistics

General Stats
  • This quiz has been taken 25 times
  • The average score is 12 of 18
Answer Stats
Country English-Speaking Population (%) Continent % Correct
Denmark 86% Europe
85%
Sweden 89% Europe
85%
Iceland 98% Europe
80%
Marshall Islands 98.3% Oceania
80%
Norway 90% Europe
80%
Palau 92.5% Oceania
80%
Federated States of Micronesia 57.7% Oceania
75%
Finland 70% Europe
75%
Netherlands 90.9% Europe
75%
Belgium 60% Europe
70%
Suriname 87.1% South America
70%
Austria 73% Europe
65%
Papua New Guinea 70.4% Oceania
60%
Liberia 82.7% Africa
55%
Philippines 63.7% Asia
55%
Singapore 74.2% Asia
40%
Slovenia 59% Europe
35%
South Sudan 94% Africa
35%
No matching quizzes found
Score Distribution
Percent of People with Each Score
Percentile by Number Answered
Your Score History
You have not taken this quiz